000 00672nam a22001935i 4500
001 151402
003 ES-MaACL
005 20230906204010.0
008 961110s1880 sp |||| | spa d
080 _a347(460.18)"1505"
100 1 _aAlcalde Prieto, Domingo.
_919488
245 1 4 _aLas Leyes de Toro :
_bseguidas de notas... /
_cpor Domingo Alcalde Prieto.
250 _aEd. económica.
260 _aValladolid :
_bImp., Librería nacional y extranjera de hijos de Rodríguez,
_c1880.
300 _a132 p. ;
_c18 cm.
610 1 4 _aCastilla (Reino).
_tLeyes de Toro, 1505.
_9155910
650 4 _aDerecho civil-
_zCastilla (Reino)
_911658
852 4 _aES-MaACL
_jD-2141
999 _c151402
_d151402